Pronunciamiento: Comisión Externa

Denuncia del irrespeto de los derechos humanos en Guatemala. Trata, en concreto, sobre la desaparición de mujeres con cargos de responsabilidad en las direcciones de las organizaciones sindicales y democráticas que luchan contra el régimen guatemalteco. Se pide la realización del Primer Congreso Lat...

Descripció completa

Guardat en:
Dades bibliogràfiques
Autor corporatiu: Unión Nacional de Mujeres de Guatemala
Format: Text
Publicat: San José :
Matèries:
Etiquetes: Afegir etiqueta
Sense etiquetes, Sigues el primer a etiquetar aquest registre!

MARC

LEADER 00000 a a2200000 04500
001 13245
003
040
090 |a 024500  
110 |a Unión Nacional de Mujeres de Guatemala  
245 |a Pronunciamiento: Comisión Externa  
260 |a San José :  
300 |a 2 p.  
520 |a Denuncia del irrespeto de los derechos humanos en Guatemala. Trata, en concreto, sobre la desaparición de mujeres con cargos de responsabilidad en las direcciones de las organizaciones sindicales y democráticas que luchan contra el régimen guatemalteco. Se pide la realización del Primer Congreso Latinoamericano de Familiares de Desaparecidos, para evaluar la magnitud de lo que cotidianamente sucede en diferentes países. CEM/mb  
650 |a DERECHOS CIVILES  
650 |a DERECHOS DE LA MUJER  
650 |a DERECHOS HUMANOS  
650 |a LIBERTAD  
650 |a DICTADURA  
650 |a ESTADO  
650 |a PARTICIPACION POLITICA  
650 |a PROBLEMAS POLITICOS  
999 |c 10741  |d 10741